000 00561nam a2200229Ia 4500
003 OSt
005 20220918175910.0
006 a|||||r|||| 00| 0
007 ta
008 220917b |||||||| |||| 00| 0 eng d
024 _a19,527
037 _cTextual
040 _aARTS
_cARTS
_beng
041 _2eng
_aeng
082 _aO:2M28:9, J0
100 _aLavrin Janko
_952326
245 0 _aIsben
_b An approach
260 _c1950
650 _aENGLISH LITERATURE
942 _hO:2M28:9, J0
_cTEXL
_2CC
999 _c159438
_d159438